[Event "Bronshoj Lang Weekend 2015"]
[Site "Copenhagen"]
[Date "2015.02.09"]
[Round "6"]
[White "Jensen, Rolf"]
[Black "Hansen, John Laurids"]
[Result "1-0"]
[WhiteElo "1673"]
[BlackElo "1876"]
[PlyCount "53"]
[EventDate "2015.??.??"]
[EventType "swiss"]
[EventRounds "7"]
[EventCountry "DEN"]

1. e4 e5 2. Nf3 Nc6 3. Bb5 a6 4. Ba4 Nf6 5. O-O Be7 6. c3 Nxe4 7. Re1 Nc5 8.
Bxc6 dxc6 9. Nxe5 O-O 10. d4 Nd7 11. Nd2 Nxe5 12. dxe5 Bc5 13. Qh5 Be6 14. Ne4
Be7 15. Bf4 h6 16. Rad1 Qc8 17. h3 Bxa2 18. Bxh6 gxh6 19. Qxh6 Qf5 20. Rd3 Qh7
21. Rg3+ Kh8 22. Qf4 Rg8 23. Nf6 Bxf6 24. Qxf6+ Rg7 25. Re4 Kg8 26. Rxg7+ Qxg7
27. Rg4 1-0

[Event "Bronshoj Lang Weekend 2015"]
[Site "Copenhagen"]
[Date "2015.02.09"]
[Round "6"]
[White "Jorgensen, Mikkel"]
[Black "Moller, Arne"]
[Result "1/2-1/2"]
[WhiteElo "1889"]
[BlackElo "1904"]
[PlyCount "31"]
[EventDate "2015.??.??"]
[EventType "swiss"]
[EventRounds "7"]
[EventCountry "DEN"]

1. e4 c5 2. Nf3 d6 3. Bd3 Nc6 4. c3 g6 5. O-O Bg7 6. Bc2 e6 7. Re1 Nge7 8. d3
O-O 9. Nbd2 b5 10. a3 Bb7 11. Nf1 Qc7 12. Ng3 d5 13. Qe2 d4 14. Bd2 e5 15. h4
h6 16. cxd4 1/2-1/2

[Event "Bronshoj Lang Weekend 2015"]
[Site "Copenhagen"]
[Date "2015.02.09"]
[Round "6"]
[White "Kokholm, Daniel"]
[Black "Tolba, Henri"]
[Result "1-0"]
[WhiteElo "1890"]
[BlackElo "1753"]
[PlyCount "47"]
[EventDate "2015.??.??"]
[EventType "swiss"]
[EventRounds "7"]
[EventCountry "DEN"]

1. d4 d5 2. e4 dxe4 3. Nc3 Nf6 4. f3 e3 5. Bxe3 Nbd7 6. Bd3 Nb6 7. Ne4 Nbd5 8.
Bd2 e6 9. c3 c6 10. Ne2 Qc7 11. a3 a5 12. c4 Nxe4 13. fxe4 Nf6 14. e5 Ng4 15.
Bf4 h5 16. h3 Nh6 17. Ng3 Qb6 18. Be3 Qxb2 19. O-O Bxa3 20. Rb1 Qc3 21. Ne4 Qb4
22. Rxb4 axb4 23. Nd6+ Kd7 24. Bxh6 1-0

[Event "Bronshoj Lang Weekend 2015"]
[Site "Copenhagen"]
[Date "2015.02.09"]
[Round "6"]
[White "Kristensen, Lars Ostergaard"]
[Black "Bojesen, Villads Ussing"]
[Result "0-1"]
[WhiteElo "1660"]
[BlackElo "1946"]
[PlyCount "54"]
[EventDate "2015.??.??"]
[EventType "swiss"]
[EventRounds "7"]
[EventCountry "DEN"]

1. d4 Nf6 2. c4 Nc6 3. Nc3 e5 4. d5 Ne7 5. e4 Ng6 6. f3 Bc5 7. Bg5 h6 8. Bd2 a6
9. Nge2 d6 10. Ng3 O-O 11. a3 c6 12. Qb3 Ba7 13. Nd1 cxd5 14. cxd5 Nd7 15. Be3
Nf4 16. Bxa7 Rxa7 17. Rc1 Nc5 18. Qe3 Ra8 19. b4 Na4 20. Qb3 Bd7 21. Ne3 Rc8
22. Rxc8 Qxc8 23. Qc4 Qb8 24. Kd2 Rc8 25. Qa2 Qa7 26. Ngf5 Bxf5 27. Nxf5 Qf2+
0-1

[Event "Bronshoj Lang Weekend 2015"]
[Site "Copenhagen"]
[Date "2015.02.09"]
[Round "6"]
[White "Kyrkjebo, Marte Bakken"]
[Black "Mouritsen, Jan"]
[Result "1/2-1/2"]
[WhiteElo "1630"]
[BlackElo "1856"]
[PlyCount "43"]
[EventDate "2015.??.??"]
[EventType "swiss"]
[EventRounds "7"]
[EventCountry "DEN"]

1. e4 c5 2. Nc3 e6 3. Nge2 d5 4. exd5 exd5 5. d4 Nf6 6. g3 Nc6 7. Bg2 cxd4 8.
Nxd4 Bc5 9. Nb3 Qe7+ 10. Qe2 Qxe2+ 11. Kxe2 Bb6 12. Nxd5 Nxd5 13. Bxd5 Bf5 14.
c3 O-O-O 15. Bxc6 Bd3+ 16. Kf3 bxc6 17. Re1 f5 18. Be3 Be4+ 19. Ke2 Bd3+ 20.
Kf3 Be4+ 21. Ke2 Bd3+ 22. Kf3 1/2-1/2

[Event "Bronshoj Lang Weekend 2015"]
[Site "Copenhagen"]
[Date "2015.02.09"]
[Round "6"]
[White "Mikkelsen, Nikolaj"]
[Black "Fries Nielsen, Niels Jorgen"]
[Result "1-0"]
[WhiteElo "2447"]
[BlackElo "2324"]
[PlyCount "73"]
[EventDate "2015.??.??"]
[EventType "swiss"]
[EventRounds "7"]
[EventCountry "DEN"]

1. e4 e6 2. d4 d5 3. Nd2 Ne7 4. Ngf3 Nbc6 5. c3 h6 6. Bd3 dxe4 7. Nxe4 b6 8.
O-O Bb7 9. Re1 Qd7 10. a4 O-O-O 11. a5 e5 12. axb6 cxb6 13. Bb5 Qc7 14. Qa4 f5
15. Ned2 e4 16. Ne5 Nxe5 17. dxe5 Qxe5 18. Nc4 Qb8 19. Be3 Nd5 20. Bd4 Bd6 21.
Nxd6+ Qxd6 22. Qxa7 Nc7 23. Bf1 b5 24. Ra5 Qc6 25. c4 b4 26. Rxf5 Qd7 27. Rd5
Nxd5 28. cxd5 Qxd5 29. Rc1+ Kd7 30. Rc5 Qxd4 31. Qxb7+ Ke6 32. Rc6+ Rd6 33. Rc4
Qd5 34. Qxg7 Qe5 35. Qg6+ Kd5 36. Qf7+ Qe6 37. Qh5+ 1-0

[Event "Bronshoj Lang Weekend 2015"]
[Site "Copenhagen"]
[Date "2015.02.09"]
[Round "6"]
[White "Nielsen, Thomas"]
[Black "Kyrkjebo, Eirik"]
[Result "1-0"]
[WhiteElo "1632"]
[BlackElo "1636"]
[PlyCount "25"]
[EventDate "2015.??.??"]
[EventType "swiss"]
[EventRounds "7"]
[EventCountry "DEN"]

1. c4 e5 2. Nc3 Nc6 3. e3 d6 4. Nge2 g6 5. g3 Be6 6. b3 Bg7 7. Bb2 Qd7 8. h3
O-O-O 9. d4 exd4 10. exd4 Bf5 11. g4 Bxg4 12. hxg4 Qxg4 13. Bh3 1-0

[Event "Bronshoj Lang Weekend 2015"]
[Site "Copenhagen"]
[Date "2015.02.09"]
[Round "6"]
[White "Nielsen, Thomas Bach"]
[Black "Tandrup, Michael"]
[Result "1-0"]
[WhiteElo "2198"]
[BlackElo "1958"]
[PlyCount "78"]
[EventDate "2015.??.??"]
[EventType "swiss"]
[EventRounds "7"]
[EventCountry "DEN"]

1. d4 Nf6 2. c4 e6 3. Nc3 d5 4. cxd5 exd5 5. Bg5 Be7 6. e3 c6 7. Bd3 Be6 8. Qc2
h6 9. Bh4 Nh5 10. Bxe7 Qxe7 11. Nf3 Nd7 12. h3 Nhf6 13. g4 g5 14. O-O-O O-O-O
15. Ne5 Nxe5 16. dxe5 Ne8 17. f4 Kb8 18. Kb1 d4 19. exd4 Rxd4 20. f5 Bc4 21.
Bxc4 Rxc4 22. Qd3 Rc5 23. Rhe1 Nc7 24. b4 Rxc3 25. Qxc3 Nd5 26. Qd4 a5 27. a3
axb4 28. axb4 Kc7 29. e6 f6 30. Kb2 Ra8 31. Kb3 Qd6 32. e7 Kd7 33. Re6 Qh2 34.
Rd2 Qxh3+ 35. Re3 Qf1 36. Qxf6 Qb1+ 37. Qb2 Qg1 38. Qe5 Qxg4 39. Rxd5+ cxd5 1-0

[Event "Bronshoj Lang Weekend 2015"]
[Site "Copenhagen"]
[Date "2015.02.09"]
[Round "6"]
[White "Nielsen, Viktor"]
[Black "Andersen, Soren Mikkel"]
[Result "0-1"]
[WhiteElo "2202"]
[BlackElo "2119"]
[PlyCount "52"]
[EventDate "2015.??.??"]
[EventType "swiss"]
[EventRounds "7"]
[EventCountry "DEN"]

1. e4 c5 2. Nf3 d6 3. d4 cxd4 4. Nxd4 Nf6 5. Nc3 a6 6. Be3 e6 7. Qd2 b5 8. f3
Nbd7 9. O-O-O Bb7 10. Kb1 Nb6 11. g4 b4 12. Nce2 Nc4 13. Qd3 d5 14. Bc1 Nd7 15.
Ng3 Rc8 16. exd5 Bxd5 17. Qe2 Qc7 18. Bg2 Bc5 19. Nb3 O-O 20. Nxc5 Nxc5 21. Nf1
Na4 22. Ne3 Nxe3 23. Bxe3 Bxa2+ 24. Kxa2 Nc3+ 25. bxc3 Qa5+ 26. Kb1 bxc3 0-1

[Event "Bronshoj Lang Weekend 2015"]
[Site "Copenhagen"]
[Date "2015.02.09"]
[Round "6"]
[White "Nilssen, Ellen Fredericia"]
[Black "Gossili, Farid"]
[Result "1-0"]
[WhiteElo "1795"]
[BlackElo "1457"]
[PlyCount "73"]
[EventDate "2015.??.??"]
[EventType "swiss"]
[EventRounds "7"]
[EventCountry "DEN"]

1. d4 d5 2. c4 e6 3. Nc3 Nf6 4. Bg5 c5 5. cxd5 exd5 6. Nf3 Be6 7. e3 Be7 8.
Bb5+ Nbd7 9. dxc5 Bxc5 10. O-O O-O 11. Bxd7 Qxd7 12. Ne5 Qd8 13. Nd3 Be7 14.
Nf4 h6 15. Bxf6 Bxf6 16. Nfxd5 Bxd5 17. Nxd5 Bxb2 18. Rb1 Be5 19. Rxb7 Qa5 20.
Ne7+ Kh8 21. Qb1 Qa6 22. Qb5 Qe6 23. Nc6 Bd6 24. Rd1 Rfc8 25. Nxa7 Rd8 26. g3
Qe4 27. Qd5 Qc2 28. Qd3 Qxa2 29. Nc6 Bxg3 30. Qxd8+ Rxd8 31. Rxd8+ Kh7 32. hxg3
Qa6 33. Rdd7 Qxc6 34. Rxf7 Qc1+ 35. Kh2 Qc2 36. Rxg7+ Kh8 37. Rgf7 1-0

[Event "Bronshoj Lang Weekend 2015"]
[Site "Copenhagen"]
[Date "2015.02.09"]
[Round "6"]
[White "O'hayv, Nikolaj Benjamin"]
[Black "Eriksson, Christian Altenburg"]
[Result "0-1"]
[WhiteElo "1890"]
[BlackElo "2147"]
[PlyCount "114"]
[EventDate "2015.??.??"]
[EventType "swiss"]
[EventRounds "7"]
[EventCountry "DEN"]

1. e4 c5 2. Nc3 Nc6 3. f4 g6 4. Nf3 Bg7 5. g3 d6 6. Bg2 e6 7. d3 Nge7 8. O-O
O-O 9. Ne2 b5 10. e5 d5 11. c3 b4 12. d4 Ba6 13. dxc5 bxc3 14. bxc3 Qa5 15. Be3
Rab8 16. Bd4 Nf5 17. Rf2 Rfc8 18. Nc1 Qa3 19. Nb3 Bf8 20. Qc1 Qa4 21. Bf1 h5
22. Bxa6 Qxa6 23. Qf1 Qxf1+ 24. Raxf1 Rb5 25. Re1 a5 26. Kg2 a4 27. Nc1 Bxc5
28. Bxc5 Rxc5 29. Ne2 Rb8 30. h3 Rb2 31. Ned4 Rxf2+ 32. Kxf2 Rxc3 33. Nxf5 gxf5
34. Rd1 Ra3 35. Rd2 Nb4 36. Nd4 Rxa2 37. Rxa2 Nxa2 38. Nb5 Nb4 39. Ke3 Kg7 40.
Kd2 f6 41. exf6+ Kxf6 42. Kc3 Nc6 43. Kb2 e5 44. fxe5+ Kxe5 45. Nc3 d4 46. Nxa4
Ke4 47. Kc2 Kf3 48. g4 fxg4 49. hxg4 Kxg4 50. Nc5 h4 51. Ne4 h3 52. Kd3 Kf3 53.
Ng5+ Kg2 54. Nxh3 Kxh3 55. Kc4 Kg4 56. Kd5 d3 57. Kxc6 d2 0-1

[Event "Bronshoj Lang Weekend 2015"]
[Site "Copenhagen"]
[Date "2015.02.09"]
[Round "6"]
[White "Olsen, Michael Richard W"]
[Black "Moe, Mogens"]
[Result "1-0"]
[WhiteElo "2003"]
[BlackElo "2183"]
[PlyCount "125"]
[EventDate "2015.??.??"]
[EventType "swiss"]
[EventRounds "7"]
[EventCountry "DEN"]

1. Nf3 Nf6 2. g3 d5 3. Bg2 c5 4. O-O Nc6 5. d3 Bg4 6. Nbd2 Qd7 7. Re1 Rd8 8. c3
e6 9. Nf1 Be7 10. h3 Bxf3 11. exf3 O-O 12. Bg5 b5 13. f4 h6 14. Bh4 Ne8 15.
Bxe7 Nxe7 16. b3 Nd6 17. Qf3 a5 18. Re2 c4 19. bxc4 dxc4 20. a4 Nd5 21. dxc4
bxc4 22. Rd2 Qe7 23. Rxd5 exd5 24. Qxd5 Qc7 25. Ne3 Rb8 26. Rd1 Rfd8 27. Qh5
Ne8 28. Nd5 Qd6 29. Qe2 Kf8 30. Qxc4 Rdc8 31. Qe4 Rb2 32. Qh7 Nf6 33. Qh8+ Ng8
34. Ne3 Qe7 35. Rd4 Re2 36. Be4 g6 37. Nd5 Qe6 38. Bf3 Ra2 39. Re4 Qxh3 40. Re1
Qe6 41. Rxe6 fxe6 42. Nf6 Kf7 43. Nxg8 Rxg8 44. Qxh6 Rxa4 45. Qg5 Rc8 46. Qe5
Rac4 47. Qxa5 Rxc3 48. Be4 R3c5 49. Qa4 R5c7 50. Kg2 Re7 51. Bd3 Rd8 52. Qe4
Rg8 53. g4 Rg7 54. Kg3 Re8 55. Bb5 Re7 56. Kh4 Rc7 57. Qe5 Re7 58. Kg5 Kg8 59.
Bc4 Kh7 60. Bxe6 Ra7 61. Kh4 Ra3 62. Bd5 Ra5 63. Bg8+ 1-0

[Event "Bronshoj Lang Weekend 2015"]
[Site "Copenhagen"]
[Date "2015.02.09"]
[Round "6"]
[White "Pedersen, Thorben Landstrom"]
[Black "Hansen, Thomas"]
[Result "0-1"]
[WhiteElo "1650"]
[BlackElo "1702"]
[PlyCount "58"]
[EventDate "2015.??.??"]
[EventType "swiss"]
[EventRounds "7"]
[EventCountry "DEN"]

1. e4 c5 2. Nf3 d6 3. d4 cxd4 4. Nxd4 Nf6 5. Nc3 a6 6. Bc4 e6 7. O-O b5 8. Bd3
e5 9. Nf3 h6 10. Bd2 Bb7 11. Ne2 Nxe4 12. Bxe4 Bxe4 13. Ng3 Bb7 14. Re1 Be7 15.
a4 bxa4 16. Rxa4 Qd7 17. b3 O-O 18. Bxh6 gxh6 19. Nxe5 dxe5 20. Rg4+ Kh8 21.
Qe2 Qe6 22. Rc4 Rg8 23. Qe3 Nd7 24. f3 Bd5 25. Nf5 Bg5 26. f4 Qxf5 27. fxg5
Rxg5 28. Re2 Rag8 29. Kh1 Qf1+ 0-1

[Event "Bronshoj Lang Weekend 2015"]
[Site "Copenhagen"]
[Date "2015.02.09"]
[Round "6"]
[White "Petersen, Peter Birk"]
[Black "Karlsson, Ulf"]
[Result "1-0"]
[WhiteElo "2158"]
[BlackElo "2000"]
[PlyCount "57"]
[EventDate "2015.??.??"]
[EventType "swiss"]
[EventRounds "7"]
[EventCountry "DEN"]

1. c4 e5 2. Nc3 Nc6 3. g3 f5 4. Bg2 Nf6 5. d3 Bb4 6. Bd2 O-O 7. e3 d6 8. Nge2
Qe8 9. Nd5 Bxd2+ 10. Qxd2 Nxd5 11. cxd5 Ne7 12. O-O c5 13. dxc6 bxc6 14. Qb4
Rf6 15. f4 Ba6 16. Rfe1 Kh8 17. Qa3 Bb7 18. Rac1 Qd7 19. Qc3 Re8 20. e4 fxe4
21. dxe4 Nc8 22. Rcd1 Qc7 23. f5 Qb6+ 24. Kh1 g6 25. g4 gxf5 26. gxf5 Rg8 27.
Ng3 Ne7 28. Rxd6 Nd5 29. exd5 1-0

[Event "Bronshoj Lang Weekend 2015"]
[Site "Copenhagen"]
[Date "2015.02.09"]
[Round "6"]
[White "Semcesen, Daniel"]
[Black "Stojanovski, Sandi"]
[Result "1/2-1/2"]
[WhiteElo "2466"]
[BlackElo "2231"]
[PlyCount "120"]
[EventDate "2015.??.??"]
[EventType "swiss"]
[EventRounds "7"]
[EventCountry "DEN"]

1. c4 c5 2. Nf3 Nf6 3. Nc3 e6 4. g3 b6 5. Bg2 Bb7 6. O-O Be7 7. d4 cxd4 8. Qxd4
d6 9. b3 O-O 10. Bb2 a6 11. Rfd1 Nbd7 12. e4 Qc7 13. Rac1 Rac8 14. Qe3 Rfe8 15.
Nd4 Bf8 16. h3 Qb8 17. Re1 h6 18. Kh1 Ba8 19. Rcd1 Rc5 20. Ba3 Rcc8 21. Re2 Rc7
22. f4 Rec8 23. Bb2 Rc5 24. a4 R5c7 25. Kh2 Nc5 26. Rf1 Ne8 27. Nd1 Rd7 28. Nf2
Qc7 29. Kg1 Rb8 30. Ra1 Rdd8 31. h4 e5 32. Nc2 Nf6 33. f5 b5 34. axb5 axb5 35.
cxb5 Rxb5 36. b4 Ncd7 37. g4 d5 38. g5 hxg5 39. hxg5 Nxe4 40. Nxe4 dxe4 41. Kh1
Nb6 42. Rxa8 Nxa8 43. Qxe4 Qd6 44. g6 Nb6 45. Bxe5 Qd1+ 46. Re1 Qh5+ 47. Kg1
Re8 48. Qd4 Qxf5 49. gxf7+ Qxf7 50. Bg3 Rxe1+ 51. Bxe1 Qf6 52. Qd3 Rg5 53. Ne3
Bd6 54. Bh4 Rxg2+ 55. Nxg2 Qe5 56. Be1 Nd5 57. Bd2 Bxb4 58. Bxb4 Nxb4 59. Qd8+
Kf7 60. Qd7+ Qe7 1/2-1/2

[Event "Bronshoj Lang Weekend 2015"]
[Site "Copenhagen"]
[Date "2015.02.09"]
[Round "6"]
[White "Surender, Anil"]
[Black "Nielsen, Klaus"]
[Result "0-1"]
[WhiteElo "2062"]
[BlackElo "2094"]
[PlyCount "76"]
[EventDate "2015.??.??"]
[EventType "swiss"]
[EventRounds "7"]
[EventCountry "DEN"]

1. d4 d5 2. c4 e6 3. cxd5 exd5 4. Nc3 Be7 5. Qc2 Nc6 6. Nf3 Nb4 7. Qa4+ Bd7 8.
Qb3 Bf5 9. Kd2 Bc2 10. Qa3 Nc6 11. b4 Bxb4 12. Qb2 Bf5 13. e3 Nf6 14. Bd3 Ne4+
15. Bxe4 dxe4 16. Ne5 Nxd4 17. Ke1 f6 18. exd4 Qxd4 19. Bd2 fxe5 20. a3 e3 21.
fxe3 Bxc3 22. Qxc3 Qh4+ 23. g3 Qe4 24. Rf1 O-O-O 25. Qa5 Kb8 26. Rc1 Rd7 27.
Qb4 Rd4 28. Qc3 Rd7 29. Qb4 Qd3 30. Qc3 g6 31. Rf2 Qe4 32. Qc4 Qh1+ 33. Ke2
Rxd2+ 34. Kxd2 Rd8+ 35. Ke2 Bg4+ 36. Qxg4 Qxc1 37. Qd7 Qc2+ 38. Ke1 Qxf2+ 0-1

[Event "Bronshoj Lang Weekend 2015"]
[Site "Copenhagen"]
[Date "2015.02.09"]
[Round "7"]
[White "Gossili, Farid"]
[Black "Nielsen, Thomas"]
[Result "1-0"]
[WhiteElo "1457"]
[BlackElo "1632"]
[PlyCount "73"]
[EventDate "2015.??.??"]
[EventType "swiss"]
[EventRounds "7"]
[EventCountry "DEN"]

1. c4 c5 2. Nc3 Nc6 3. Nf3 d6 4. d4 cxd4 5. Nxd4 Bd7 6. e4 Nf6 7. g3 Rc8 8. Bg2
Ne5 9. b3 g6 10. O-O Bg7 11. Bb2 O-O 12. Rb1 Bg4 13. f3 Bd7 14. Nd5 Nxd5 15.
exd5 Qb6 16. Kh1 Nxc4 17. bxc4 Rxc4 18. Ba1 Qa6 19. Rf2 Rfc8 20. Bf1 b5 21.
Bxc4 Rxc4 22. Rc1 Qa3 23. Rxc4 bxc4 24. Nc6 Bxc6 25. dxc6 Bxa1 26. Qxa1 Qc5 27.
Rb2 e5 28. Kg2 Qxc6 29. Qc1 d5 30. Qe3 Qc7 31. Rb5 Qd7 32. Rb8+ Kg7 33. Qxe5+
f6 34. Qd4 Qe6 35. Rb7+ Kf8 36. Qc5+ Kg8 37. Rb8+ 1-0

[Event "Bronshoj Lang Weekend 2015"]
[Site "Copenhagen"]
[Date "2015.02.09"]
[Round "7"]
[White "Gulbrandsen, Mats Lundh"]
[Black "Andersen, Daniel"]
[Result "1/2-1/2"]
[WhiteElo "1618"]
[BlackElo "1930"]
[PlyCount "51"]
[EventDate "2015.??.??"]
[EventType "swiss"]
[EventRounds "7"]
[EventCountry "DEN"]

1. d4 Nf6 2. c4 g6 3. Nc3 d5 4. cxd5 Nxd5 5. e4 Nxc3 6. bxc3 Bg7 7. Nf3 O-O 8.
Bf4 Bg4 9. h3 Bxf3 10. Qxf3 c5 11. e5 cxd4 12. Qxb7 Nd7 13. cxd4 Nb6 14. Rd1
Rc8 15. Qe4 Nd5 16. Bd2 Nc3 17. Bxc3 Rxc3 18. Be2 Ra3 19. O-O Rxa2 20. Ra1 Rxa1
21. Rxa1 Qc7 22. Bf3 a5 23. Qc6 Qxc6 24. Bxc6 Rd8 25. Ra4 e6 26. f4 1/2-1/2

[Event "Bronshoj Lang Weekend 2015"]
[Site "Copenhagen"]
[Date "2015.02.09"]
[Round "7"]
[White "Hansen, Thomas"]
[Black "O'hayv, Nikolaj Benjamin"]
[Result "0-1"]
[WhiteElo "1702"]
[BlackElo "1890"]
[PlyCount "82"]
[EventDate "2015.??.??"]
[EventType "swiss"]
[EventRounds "7"]
[EventCountry "DEN"]

1. d4 d5 2. c4 e6 3. Nc3 Nf6 4. cxd5 exd5 5. Bg5 Nbd7 6. e3 c6 7. Bd3 Be7 8.
Nge2 O-O 9. O-O Ne8 10. Bxe7 Qxe7 11. Ng3 g6 12. Qd2 f5 13. Rae1 Nd6 14. f3 Qg7
15. b3 Re8 16. Bb1 Nf6 17. Na4 Re7 18. Qb4 Nb5 19. Nb2 a5 20. Qc5 Nd7 21. Qc1
Nd6 22. Nd3 Ne8 23. Ne2 Nd6 24. Nc3 b6 25. Qa3 Qf6 26. f4 Ba6 27. Rf3 Ne4 28.
Qc1 Bxd3 29. Bxd3 Nxc3 30. Qxc3 Rae8 31. b4 axb4 32. Qxb4 Kg7 33. Bc2 c5 34.
dxc5 bxc5 35. Qa4 Qc3 36. Rff1 Nb6 37. Qc6 Re6 38. Qb5 Qxc2 39. Rc1 Qe4 40.
Rfe1 Nc4 41. Qxc5 Nxe3 0-1

[Event "Bronshoj Lang Weekend 2015"]
[Site "Copenhagen"]
[Date "2015.02.09"]
[Round "7"]
[White "Henriksen, Christian Steen"]
[Black "Kyrkjebo, Marte Bakken"]
[Result "0-1"]
[WhiteElo "1837"]
[BlackElo "1630"]
[PlyCount "118"]
[EventDate "2015.??.??"]
[EventType "swiss"]
[EventRounds "7"]
[EventCountry "DEN"]

1. d4 d5 2. c4 c6 3. Nf3 Nf6 4. Bg5 Ne4 5. Bf4 e6 6. Nc3 Bb4 7. Qc2 Qa5 8. Bd2
Nxd2 9. Nxd2 Nd7 10. e3 O-O 11. Bd3 h6 12. O-O Nf6 13. Nf3 Bd6 14. Rac1 dxc4
15. Bxc4 e5 16. dxe5 Bxe5 17. b4 Qc7 18. Be2 Be6 19. a3 Bxc3 20. Qxc3 Nd5 21.
Qc2 Qe7 22. Rfd1 a5 23. b5 cxb5 24. Bxb5 Qxa3 25. Nd4 Rfc8 26. Qd2 Nc3 27. Re1
Nxb5 28. Nxb5 Qb4 29. Qxb4 axb4 30. Rb1 b3 31. Nd4 Rc3 32. Nb5 Rc5 33. Nd4 Ra3
34. h4 b5 35. Red1 Bc4 36. Rdc1 Rh5 37. g3 Re5 38. Rc3 Re8 39. Kg2 h5 40. Kf3
g6 41. Kg2 Bd5+ 42. Kf1 b4 43. Rc5 Rd8 44. Ke1 Ra2 45. Rb5 Ra4 46. Rb6 Rda8 47.
Kd2 Ra1 48. Rxa1 Rxa1 49. Rxb4 Ra2+ 50. Kc1 Rxf2 51. Nxb3 Bxb3 52. Rxb3 Rf3 53.
Kd2 Rxg3 54. Rb4 Rg4 55. Rf4 Kg7 56. Ke2 Rxf4 57. exf4 Kf6 58. Ke3 Kf5 59. Kf3
f6 0-1

[Event "Bronshoj Lang Weekend 2015"]
[Site "Copenhagen"]
[Date "2015.02.09"]
[Round "7"]
[White "Kyrkjebo, Eirik"]
[Black "Kristensen, Lars Ostergaard"]
[Result "1-0"]
[WhiteElo "1636"]
[BlackElo "1660"]
[PlyCount "99"]
[EventDate "2015.??.??"]
[EventType "swiss"]
[EventRounds "7"]
[EventCountry "DEN"]

1. e4 c6 2. d4 d5 3. Nc3 dxe4 4. Nxe4 Bf5 5. Ng3 Bg6 6. h4 h6 7. Nh3 Nd7 8. Nf4
Bh7 9. Bc4 e6 10. O-O Ngf6 11. Re1 Be7 12. Bxe6 O-O 13. Bb3 Bd6 14. Qf3 Qc7 15.
c3 a5 16. a3 Rae8 17. Rd1 Re7 18. Nfh5 Nxh5 19. Nxh5 Rfe8 20. Bxh6 Be4 21. Qg4
g6 22. Qg5 Kh7 23. Bg7 Bf4 24. Qxf4 Qxf4 25. Nxf4 Kxg7 26. Re1 Nf6 27. f3 Bf5
28. Rxe7 Rxe7 29. Kf2 b5 30. Re1 Rd7 31. a4 b4 32. Rc1 c5 33. Ne2 bxc3 34. bxc3
Rb7 35. Bc2 Be6 36. Rb1 Rc7 37. dxc5 Rxc5 38. Rb5 Rh5 39. Rxh5 Nxh5 40. Nd4 Bc4
41. Nc6 Nf6 42. Nxa5 Ba6 43. Ke3 Kf8 44. Kd4 Ke8 45. Bd3 Bc8 46. Bb5+ Ke7 47.
Nc6+ Kd6 48. c4 Nd7 49. a5 Bb7 50. Nd8 1-0

[Event "Bronshoj Lang Weekend 2015"]
[Site "Copenhagen"]
[Date "2015.02.09"]
[Round "7"]
[White "Kyrkjebo, Hanna Bakken"]
[Black "Nielsen, Viktor"]
[Result "0-1"]
[WhiteElo "1815"]
[BlackElo "2202"]
[PlyCount "138"]
[EventDate "2015.??.??"]
[EventType "swiss"]
[EventRounds "7"]
[EventCountry "DEN"]

1. e4 e5 2. Nf3 Nc6 3. Nc3 Nf6 4. Bb5 Bb4 5. O-O O-O 6. d3 d6 7. Bg5 Bxc3 8.
bxc3 Qe7 9. Re1 Nd8 10. d4 Ne6 11. Bc1 Nf4 12. Bxf4 exf4 13. Bd3 Bg4 14. e5
dxe5 15. Rxe5 Qd6 16. Be2 Nd5 17. Bc4 Nxc3 18. Qd2 Bxf3 19. gxf3 Na4 20. Bb3
Nb6 21. Qxf4 Nd7 22. Re4 Qxf4 23. Rxf4 Nf6 24. Re1 Rfe8 25. Kf1 Kf8 26. Rf5
Rxe1+ 27. Kxe1 a5 28. a4 b6 29. Re5 Rd8 30. c3 Rd6 31. Ke2 Ng8 32. Rf5 Nh6 33.
Rf4 f5 34. Rh4 Rg6 35. Rh3 Rg1 36. Rg3 Rb1 37. Bc2 Rh1 38. Rg2 Kf7 39. Ke3 Kf6
40. Bd3 Nf7 41. f4 Nd6 42. f3 Ra1 43. Bb5 Nxb5 44. axb5 Rb1 45. Kd3 Rxb5 46.
Rc2 Rb1 47. Ra2 Re1 48. c4 Ke6 49. c5 Kd5 50. cxb6 cxb6 51. Rb2 Kc6 52. Kd2 Rh1
53. Ke3 a4 54. d5+ Kc5 55. Rd2 Re1+ 56. Kf2 Re7 57. Rb2 b5 58. d6 Rd7 59. Re2
g6 60. Re5+ Kc4 61. Re7 Rxd6 62. Rxh7 Re6 63. Ra7 Kb3 64. Rb7 b4 65. Rd7 Ka3
66. Rd3+ b3 67. Kf1 Ka2 68. Rd4 a3 69. Rd2+ b2 0-1

[Event "Bronshoj Lang Weekend 2015"]
[Site "Copenhagen"]
[Date "2015.02.09"]
[Round "7"]
[White "Moller, Arne"]
[Black "Jensen, Rolf"]
[Result "1-0"]
[WhiteElo "1904"]
[BlackElo "1673"]
[PlyCount "37"]
[EventDate "2015.??.??"]
[EventType "swiss"]
[EventRounds "7"]
[EventCountry "DEN"]

1. e4 c5 2. Nf3 d6 3. d4 cxd4 4. Nxd4 Nf6 5. Nc3 a6 6. Be2 Nc6 7. O-O e6 8. a4
Be7 9. Be3 O-O 10. f4 Bd7 11. Kh1 Rc8 12. Nb3 Na5 13. Bd3 Qc7 14. Nd2 Bc6 15.
Qe2 d5 16. e5 Ne8 17. Bd4 Bd7 18. f5 exf5 19. Nxd5 1-0

[Event "Bronshoj Lang Weekend 2015"]
[Site "Copenhagen"]
[Date "2015.02.09"]
[Round "7"]
[White "Mouritsen, Jan"]
[Black "Nilssen, Ellen Fredericia"]
[Result "1-0"]
[WhiteElo "1856"]
[BlackElo "1795"]
[PlyCount "61"]
[EventDate "2015.??.??"]
[EventType "swiss"]
[EventRounds "7"]
[EventCountry "DEN"]

1. d4 e6 2. c4 d5 3. Nc3 Be7 4. Nf3 Nf6 5. cxd5 exd5 6. Bg5 Nbd7 7. e3 c6 8.
Qc2 O-O 9. Bd3 Re8 10. O-O-O a5 11. h3 h6 12. Bf4 a4 13. Kb1 a3 14. b3 b5 15.
g4 b4 16. Ne2 c5 17. g5 hxg5 18. Bxg5 Ba6 19. Rhg1 Bxd3 20. Qxd3 Rc8 21. Bh6
Bf8 22. Qf5 Kh8 23. Ne5 Nxe5 24. dxe5 g6 25. Rxg6 fxg6 26. Qxg6 Rxe5 27. Bg5
Bg7 28. Rg1 Rc6 29. Bh6 Bf8 30. Bg7+ Kg8 31. Bxf6+ 1-0

[Event "Bronshoj Lang Weekend 2015"]
[Site "Copenhagen"]
[Date "2015.02.09"]
[Round "7"]
[White "Pedersen, Thorben Landstrom"]
[Black "Haugaard, Thomas"]
[Result "1/2-1/2"]
[WhiteElo "1650"]
[BlackElo "1743"]
[PlyCount "45"]
[EventDate "2015.??.??"]
[EventType "swiss"]
[EventRounds "7"]
[EventCountry "DEN"]

1. e4 e5 2. Nc3 d6 3. Bc4 Nf6 4. Nf3 Be7 5. O-O O-O 6. d4 exd4 7. Nxd4 Re8 8.
Nf3 Nc6 9. a3 Bg4 10. Be2 Ne5 11. Nxe5 Bxe2 12. Nxf7 Bxd1 13. Nxd8 Bxd8 14.
Rxd1 Nxe4 15. Re1 Nf6 16. Bg5 c6 17. Bf4 Be7 18. Re2 Bf8 19. Rae1 Rxe2 20. Rxe2
Re8 21. Rxe8 Nxe8 22. Kf1 d5 23. Be3 1/2-1/2